Normal view MARC view

Entry Nombre personal

Number of records used in: 94

001 - NÚMERO DE CONTROL

  • campo de control: 240174

003 - IDENTIFICADOR DE NÚMERO DE CONTROL

  • campo de control: SpMaBN

005 - FECHA Y HORA DE LA ÚLTIMA TRANSACCIÓN

  • campo de control: 20250430203717.0

008 - ELEMENTOS DE DATO DE LONGITUD-FIJA

  • campo de control de longitud fija: 901120nn aijnnaabn a aaa

016 ## - NÚMERO DE CONTROL DE UNA AGENCIA BIBLIOGRÁFICA NACIONAL

  • Número de control del registro: BNE19900012979

024 8# - IDENTIFICADOR DE OTROS ESTÁNDARES

  • Número estándar o código: http://pares.mcu.es:80/ParesBusquedas20/catalogo/autoridad/120 920

024 7# - IDENTIFICADOR DE OTROS ESTÁNDARES

  • Número estándar o código: http://viaf.org/viaf/51683733/
  • Fuente: viaf

024 7# - IDENTIFICADOR DE OTROS ESTÁNDARES

  • Número estándar o código: https://isni.org/isni/0000000122798162
  • Fuente: isni

024 7# - IDENTIFICADOR DE OTROS ESTÁNDARES

  • Número estándar o código: http://www.wikidata.org/entity/Q118936
  • Fuente: wikidata

024 8# - IDENTIFICADOR DE OTROS ESTÁNDARES

  • Número estándar o código: https://data.cervantesvirtual.com/person/7596

040 ## - FUENTE DE CATALOGACIÓN

  • Centro catalogador/agencia de origen: SpMaBN
  • Lengua de catalogación: spa
  • Centro/agencia transcriptor: SpMaBN
  • Normas de descripción: rdc
  • Convención/Normas de encabezamiento de materia/tesauro: embne

046 ## - FECHAS CON CODIFICACIÓN ESPECIAL

  • Fecha de nacimiento: 1902
  • Fecha de la muerte: 1999

100 1# - ENCABEZAMIENTO-NOMBRE DE PERSONA

  • Nombre de persona: Alberti, Rafael,
  • Fechas asociadas al nombre: 1902-1999

368 ## - OTROS ATRIBUTOS DE PERSONA O ENTIDAD CORPORATIVA

  • Otra designación: Premio Cervantes
  • Período de inicio: (1983)

370 ## - LUGAR ASOCIADO

  • Lugar de nacimiento: El Puerto de Santa María, Cádiz, España
  • Fuente del término: embne
  • Fuente de información: (Wikidata)
  • Número de control del registro de autoridad o número normalizado: XX451569

370 ## - LUGAR ASOCIADO

  • Lugar de fallecimiento: El Puerto de Santa María, Cádiz (Provincia), Andalucía, España
  • Fuente del término: embne

372 ## - CAMPO DE ACTIVIDAD

  • Campo de actividad: Poesías
  • Campo de actividad: Teatro
  • Campo de actividad: Ensayos
  • Campo de actividad: Autobiografías
  • Fuente del término: tgfbne

374 ## - OCUPACIÓN

  • Ocupación: Escritores
  • Ocupación: Pintores
  • Ocupación: Ilustradores
  • Fuente del término: embne

375 ## - GÉNERO/SEXO

  • Género: Masculino

377 ## - IDIOMA ASOCIADO

  • Código del idioma: spa
  • Término de lengua/lenguaje: Español

400 1# - TRAZADO DE VÉASE--NOMBRE DE PERSONA

  • Nombre de persona: Alberti, R.
  • Fechas asociadas al nombre: 1902-1999

400 1# - TRAZADO DE VÉASE--NOMBRE DE PERSONA

  • Nombre de persona: Alberti Merello, Rafael
  • Fechas asociadas al nombre: 1902-1999

400 1# - TRAZADO DE VÉASE--NOMBRE DE PERSONA

  • Nombre de persona: Alberti
  • Fechas asociadas al nombre: 1902-1999

670 ## - FUENTE DE DATOS ENCONTRADOS

  • Cita de la fuente: La arboleda perdida, 1986
  • Información encontrada: port. (Rafael Alberti)

670 ## - FUENTE DE DATOS ENCONTRADOS

  • Cita de la fuente: La palabra y el signo, 1989
  • Información encontrada: port. (Rafael Alberti Merello)

670 ## - FUENTE DE DATOS ENCONTRADOS

  • Cita de la fuente: Marinero en tierra, 2010
  • Información encontrada: port. (Alberti)

670 ## - FUENTE DE DATOS ENCONTRADOS

  • Cita de la fuente: Dic. de autores, 1988
  • Información encontrada: (Alberti, Rafael; n. Puerto de Santa María, Cádiz, 1902)

670 ## - FUENTE DE DATOS ENCONTRADOS

  • Cita de la fuente: Canciones para Alberti [Grabación sonora], 1996

670 ## - FUENTE DE DATOS ENCONTRADOS

  • Cita de la fuente: WWW El País digital, 29-10-1999
  • Información encontrada: (Rafael Alberti, m. el jueves 28 de octubre, 1999, en Puerto de Santa María)

856 4# - LOCALIZACIÓN Y ACCESO ELECTRÓNICOS

  • Identificador Uniforme de Recursos: http://es.wikipedia.org/wiki/Rafael_Alberti

856 4# - LOCALIZACIÓN Y ACCESO ELECTRÓNICOS

  • Identificador Uniforme de Recursos: http://dialnet.unirioja.es/servlet/autor?codigo=156002